=LDR 00000nam 2200000 4500 =001 INLIS000000000038463 =005 20130612144130 =008 ***********************************Ind** =035 ##$$0010-061300000038463 =041 ##$$a Ind =082 ##$$a 636.089 =090 ##$$a 636.089, Fad t =100 ##$$a fadilah, Romi =245 ##$$a 71 mengatasi penyakit ppada ayam, Roni Fadilah, Polana Agustin; Penyuting, Nurhidayat =260 ##$$a 2011 $b Jakarta =300 ##$$a viii,204 hlm, Ilus, 28 cm =650 ##$$a Penyakit Ayam =700 ##$$a Nurhidayati =850 ##$$a NBPNMAT =990 ##$$a 21601900/BPAP-NTB/2017